Cómputo de votos y declaratorias de elección. Provincia de Cartago Alcaldías, síndicos(as) y concejales distrito, intendentes y concejales municipales de distrito /
Tallennettuna:
| Yhteisötekijät: | , |
|---|---|
| Aineistotyyppi: | Teksti |
| Kieli: | Spanish |
| Julkaistu: |
San José :
Costa Rica.Tribunal Supremo de Elecciones
|
| Aiheet: | |
| Tagit: |
Lisää tagi
Ei tageja, Lisää ensimmäinen tagi!
|
MARC
| LEADER | 00000 a a2200000 04500 | ||
|---|---|---|---|
| 001 | 18002 | ||
| 003 | cru CIDCACS/IIS | ||
| 005 | 20231018131844.0 | ||
| 008 | 170324b2005 CR ||||| |||| 00| 0 spa d | ||
| 020 | |a 9968907111 | ||
| 040 | |c cru CIDCACS/IIS |a cru CIDCACS/IIS | ||
| 090 | |a 04.04.02 C837c Vol.3 2002 | ||
| 110 | |a Costa Rica. Tribunal Supremo de Elecciones | ||
| 245 | 1 | 0 | |a Cómputo de votos y declaratorias de elección. Provincia de Cartago |c Tribunal Supremo de Elecciones de Costa Rica |b Alcaldías, síndicos(as) y concejales distrito, intendentes y concejales municipales de distrito / |
| 260 | |a San José : |b Costa Rica.Tribunal Supremo de Elecciones | ||
| 650 | 1 | 0 | |9 306 |a ELECCIONES |
| 650 | 1 | 0 | |9 3795 |a VOTACION |
| 651 | 1 | 0 | |9 32 |a COSTA RICA |
| 651 | 1 | 0 | |9 3815 |a CARTAGO |
| 710 | |a TSE | ||
| 942 | |2 z |c LI |h 04.04.02 C837c Vol.3 2002 |i 02245 |6 040402_C837C_VOL3_2002_02245 | ||
| 999 | |c 19096 |d 19096 | ||



